The Everything Glycemic Index Cookbook : (Record no. 603078)

MARC details
000 -LEADER
fixed length control field 00453nam a2200181 a 4500
008 - FIXED-LENGTH DATA ELEMENTS--GENERAL INFORMATION
fixed length control field 251217s2006##################000#0#eng##
020 ## - INTERNATIONAL STANDARD BOOK NUMBER
ISBN 9781593375812
082 04 - DEWEY DECIMAL CLASSIFICATION NUMBER
Classification number 641.56383
Item number MAA
100 1# - MAIN ENTRY--AUTHOR NAME
Personal name Maar, Nancy T,
245 10 - TITLE STATEMENT
Title The Everything Glycemic Index Cookbook :
260 ## - PUBLICATION, DISTRIBUTION, ETC. (IMPRINT)
Name of publisher Everything,
Year of publication 2006.
650 #0 - SUBJECT ADDED ENTRY--TOPICAL TERM
Topical Term Cooking.
942 ## - ADDED ENTRY ELEMENTS (KOHA)
Koha item type English Books
Holdings
Withdrawn status Lost status Damaged status Not for loan Home library Current library Shelving location Date acquired Full call number Accession Number Price effective from Koha item type
        Anna Centenary Library Anna Centenary Library 6TH FLOOR, A WING 17.12.2025 641.56383 MAA 426094 17.12.2025 English Books

Find us on the map